Normal view
MARC view
- تاليف الرشيد،عبد الله بن سليم
Entry Personal Name
001 - CONTROL NUMBER
- control field: 15674
003 - CONTROL NUMBER IDENTIFIER
- control field: JO-AjAnu
005 - DATE AND TIME OF LATEST TRANSACTION
- control field: 20230606072812.0
008 - FIXED-LENGTH DATA ELEMENTS
- fixed length control field: 230606|| aca||aabn | a|a d
040 ## - CATALOGING SOURCE
- Original cataloging agency: JO-AjAnu
- Transcribing agency: JO-AjAnu
100 ## - HEADING--PERSONAL NAME
- Personal name: تاليف الرشيد،عبد الله بن سليم
670 ## - SOURCE DATA FOUND
- Source citation: Work cat.: (JO-AjAnu)8049: تاليف الرشيد،عبد الله بن سليم, author, الأفاكية والنوادر: مدخل لتدريس فنون اللغة العربية